[Event "33rd Leon Blitz Open 2020"]
[Site "chess.com INT"]
[Date "2020.07.14"]
[Round "6"]
[White "Smirnov, Anton"]
[Black "Vitiugov, Nikita"]
[Result "1/2-1/2"]
[WhiteTitle "GM"]
[BlackTitle "GM"]
[WhiteElo "2597"]
[BlackElo "2722"]
[WhiteFideId "3208923"]
[BlackFideId "4152956"]
[EventDate "2020.07.14"]
[EventType "blitz"]

1. e4 e6 2. d4 d5 3. exd5 exd5 4. Qf3 c6 5. Bd3 Nf6 6. h3 Be7 7. Ne2 Nbd7 8. O-O
Nf8 9. Ng3 Ng6 10. Nd2 O-O 11. Nb3 Nh4 12. Qd1 h6 13. Bf4 Ng6 14. Bd2 Bd6 15.
Re1 Qc7 16. Nh5 Nxh5 17. Qxh5 Nf4 18. Bxf4 Bxf4 19. Re2 Bd7 20. Rae1 Rae8 21.
Rxe8 Rxe8 22. Rxe8+ Bxe8 23. g3 Bd6 24. Qf5 g6 25. Qf3 Kg7 26. h4 h5 27. Qe3 Bd7
28. a3 Qd8 29. Nd2 Qe7 30. Qxe7 Bxe7 31. Nf3 Bd6 32. Ne5 Be8 33. f4 c5 34. c3
cxd4 35. cxd4 f6 36. Nf3 Bd7 37. Kf2 Kf7 38. Nd2 b6 39. Nf1 Be6 40. Ne3 f5 41.
Bb5 Be7 42. Ke2 Bf6 43. Kd3 Ke7 44. Bc6 Bf7 45. Bxd5 Be8 46. Kc3 Kd6 47. Bg8 b5
48. Nd1 a5 49. b4 axb4+ 50. axb4 Bg7 51. Nf2 Bf6 52. Nd3 Bd8 53. Ne5 Ke7 54. Bd5
Bc7 55. Bf3 Kd6 56. Bd1 Kd5 57. Kd3 Kd6 58. Bb3 Ke7 59. Kc3 Bd6 60. Bd5 Bc7 61.
Bb7 Kd6 62. Bf3 Ke7 63. Bd5 Bd6 64. Nc6+ Kd7 65. Na5 Kc7 66. Nb3 Kd7 67. Nc5+
Ke7 68. Bb7 Bc7 69. d5 Kd6 70. Ne6 Bb6 71. Nd4 Bd7 72. Bc6 Bxc6 73. dxc6 Kd5 74.
Nxb5 Kxc6 75. Nd4+ Kd5 76. Ne2 Bf2 77. Kd3 Be1 78. Nc3+ Kd6 79. Ne2 Kd5 80. Ke3
Bxb4 81. Kf3 Ke6 82. Nd4+ Kf7 83. Nc6 Bc3 1/2-1/2

[Event "33rd Leon Blitz Open 2020"]
[Site "chess.com INT"]
[Date "2020.07.14"]
[Round "6"]
[White "Salinas Herrera, Pablo"]
[Black "Mehdi, Hasan Parag"]
[Result "1-0"]
[WhiteTitle "GM"]
[BlackTitle "FM"]
[WhiteElo "2514"]
[BlackElo "2180"]
[WhiteFideId "3407128"]
[BlackFideId "10201203"]
[EventDate "2020.07.14"]
[EventType "blitz"]

1. d4 Nf6 2. Bf4 d5 3. e3 e6 4. Nf3 Bd6 5. Nbd2 O-O 6. Bd3 c5 7. c3 b6 8. O-O
Bb7 9. Ne5 Qc7 10. Qf3 Nbd7 11. Nxd7 Qxd7 12. Be5 Be7 13. Qh3 g6 14. Rad1 cxd4
15. exd4 Ne4 16. Rfe1 Nxd2 17. Rxd2 Bd6 18. Bf6 Be7 19. Be5 Bd6 20. Rde2 Bxe5
21. Rxe5 Kg7 22. R1e3 Rae8 23. Qh4 Qd8 24. Qf4 Bc8 25. Rh3 Rh8 26. Qh6+ Kg8 27.
Rf3 f5 28. Rfe3 Qf6 29. f4 Kf7 30. Bb5 Re7 31. Bc6 Rc7 32. Ba4 Qg7 33. Qh4 Qf6
34. Qe1 Rd8 35. Bb3 Kg7 36. h4 h5 37. Rg3 Kh7 38. Rg5 Rd6 39. Bd1 Ba6 40. Qg3
Rg7 41. Qe3 Bc4 42. a3 a5 43. Bf3 Ba6 44. Qe1 Bd3 45. Qd1 Be4 46. Be2 Rc7 47.
Qa4 Rdc6 48. Qb5 Qf7 49. Kf2 Qd7 50. Qb3 Qe7 51. Qd1 Qf7 52. Bxh5 gxh5 53. Rxh5+
Kg8 54. Rg5+ Kf8 55. h5 Qh7 56. Kg3 Rg7 57. Kh4 Kf7 58. Qa4 Rc7 59. Qb5 Kf6 60.
Qxb6 Rce7 61. Qd8 Rf7 62. Rg6+ Qxg6 63. hxg6 Kxg6 64. Kg3 Rg7 65. Kf2 Kf7 66. g3
Rh7 67. Ke3 Rh2 68. b4 axb4 69. cxb4 Rg2 70. a4 Rxg3+ 71. Ke2 Ra3 72. a5 Ra4 73.
Qb6 Re8 74. a6 Ra2+ 75. Ke1 Ra1+ 76. Kd2 Ra2+ 77. Kc3 Rc8+ 78. Kb3 Rac2 79.
Qxe6+ Kg7 80. Qd7+ Kg8 81. Re8+ Rxe8 82. Qxe8+ Kg7 83. Qd7+ Kh6 84. a7 Rd2 85.
a8=Q Rd3+ 86. Ka4 1-0

[Event "33rd Leon Blitz Open 2020"]
[Site "chess.com INT"]
[Date "2020.07.14"]
[Round "6"]
[White "Munkhzul, Turmunkh"]
[Black "Safin, Robert"]
[Result "1/2-1/2"]
[WhiteTitle "WIM"]
[BlackTitle "FM"]
[WhiteElo "2278"]
[BlackElo "2287"]
[WhiteFideId "4901878"]
[BlackFideId "34189120"]
[EventDate "2020.07.14"]
[EventType "blitz"]

1. e4 c5 2. Nf3 e6 3. d4 cxd4 4. Nxd4 Nf6 5. Nc3 Nc6 6. Ndb5 Bc5 7. Bf4 O-O 8.
Bc7 Qe7 9. Bd6 Bxd6 10. Qxd6 Qd8 11. O-O-O a6 12. Nd4 Ne7 13. f3 b5 14. Kb1 Bb7
15. g4 Ne8 16. Qg3 b4 17. Na4 Rc8 18. h4 Qa5 19. b3 d5 20. e5 Nc7 21. f4 Nb5 22.
Rh2 Nc6 23. Nxc6 Rxc6 24. f5 Rfc8 25. Bd3 d4 26. f6 Nc3+ 27. Nxc3 bxc3 28. Qf4
Qa3 29. Qc1 Qxc1+ 30. Kxc1 Rc5 31. Re1 a5 32. a4 g6 33. g5 Bf3 34. Rf2 Bh5 35.
Rf4 Rd8 36. Ree4 Rcd5 37. Kb1 Kf8 38. Ka2 Bd1 39. Kb1 Ke8 40. Re1 Bh5 41. Bc4
Rc5 42. Ree4 Rxc4 43. bxc4 d3 44. cxd3 Bd1 45. Kc1 c2 46. Rf2 Rxd3 47. Rxc2 Bxc2
48. Kxc2 Ra3 49. c5 Kd7 50. Rd4+ Kc7 51. Kb2 Re3 52. Rd6 Rxe5 53. Ra6 Kb7 54.
Rxa5 Re4 55. c6+ Kb6 56. c7 Rc4 57. Ra8 Rxc7 58. Rf8 Ka5 59. Kb3 Rb7+ 60. Ka3
Rc7 61. Kb3 Rb7+ 62. Kc4 Rc7+ 63. Kd4 Kxa4 64. Ke5 Rd7 65. Re8 Kb5 66. Re7 Kc6
67. Ke4 Kd6 68. Re8 Ra7 69. Rf8 Ra4+ 70. Ke3 Rxh4 71. Rxf7 h6 72. Rh7 hxg5 73.
Rg7 Rf4 74. Rxg6 Rf5 75. Ke4 Rf4+ 76. Ke3 Rf5 77. Ke4 Re5+ 78. Kf3 Rf5+ 79. Kg4
Kd7 80. Rg7+ Ke8 81. Re7+ Kf8 82. Rxe6 Rf4+ 83. Kxg5 Rf1 84. Ra6 Rg1+ 85. Kf4
Rf1+ 86. Ke4 Re1+ 87. Kf3 Rf1+ 88. Ke2 Rf5 89. Ke3 Kf7 90. Ke4 Rxf6 91. Rxf6+
Kxf6 1/2-1/2

[Event "33rd Leon Blitz Open 2020"]
[Site "chess.com INT"]
[Date "2020.07.14"]
[Round "6"]
[White "Titichoca Daza, Daniel"]
[Black "Mekhitarian, Krikor Sevag"]
[Result "0-1"]
[WhiteTitle "CM"]
[BlackTitle "GM"]
[WhiteElo "2090"]
[BlackElo "2554"]
[WhiteFideId "3309550"]
[BlackFideId "2107660"]
[EventDate "2020.07.14"]
[EventType "blitz"]

1. Nf3 g6 2. g3 Bg7 3. Bg2 d5 4. O-O e5 5. d3 Ne7 6. c4 d4 7. b4 O-O 8. Bb2 c5
9. a3 Qc7 10. Nbd2 Nd7 11. Qc2 Rb8 12. e3 b6 13. exd4 exd4 14. Rfe1 Nc6 15. Nb3
Bb7 16. Bc1 Rbe8 17. Bf4 Nce5 18. Nbd2 Re7 19. bxc5 bxc5 20. Rab1 Bc6 21. Nxe5
Bxe5 22. Bxc6 Qxc6 23. Bh6 Rfe8 24. Qb3 Bg7 25. Rxe7 Rxe7 26. Bxg7 Kxg7 27. Qb7
Re1+ 28. Nf1 Qxb7 29. Rxb7 Ne5 30. Rxa7 Nxd3 31. Kg2 Rd1 32. a4 Ne1+ 33. Kh3 Nc2
34. Kg2 Nb4 35. a5 Ra1 36. Nd2 d3 37. Ne4 Ra2 38. Rd7 Rxa5 39. Ng5 Kf6 40. f4
Ra2+ 41. Kf3 Kg7 42. Rxf7+ Kg8 43. Rd7 d2 44. Nxh7 d1=Q+ 45. Rxd1 Kxh7 46. Rd7+
Kg8 47. h4 Nc6 48. Kg4 Nd4 49. h5 gxh5+ 50. Kxh5 Kf8 51. g4 Ke8 52. Rd5 Rf2 53.
f5 Ke7 54. Kg5 Nf3+ 55. Kg6 Nd4 56. Rxc5 Rg2 57. Re5+ Kf8 58. Re4 Nf3 59. f6 Nd2
60. Rf4 Re2 61. g5 Ne4 62. Kf5 Nd6+ 63. Kg6 Re5 64. Kh6 Nf7+ 65. Kh7 Nxg5+ 66.
Kg6 Nf7 67. Rg4 Kg8 68. Rg1 Rc5 69. Rg2 Rxc4 70. Kf5+ Kf8 71. Ra2 Rc5+ 72. Ke6
Re5+ 73. Kd7 Ng5 74. Kd6 Re6+ 75. Kd5 Re1 76. Ra7 Re2 77. Kd6 Re6+ 78. Kd5 Rxf6
79. Ke5 Rf1 80. Kd4 Nf7 81. Kd5 Kg7 82. Ke6 Re1+ 83. Kd5 Kf6 84. Ra6+ Kf5 85.
Ra8 Rd1+ 86. Kc4 Ne5+ 87. Kc3 Ke4 88. Re8 Rd3+ 89. Kc2 Rd7 90. Kc3 Rc7+ 91. Kd2
Rc6 92. Ke2 Rc2+ 93. Kd1 Rh2 94. Ke1 Kd4 95. Rd8+ Ke3 96. Re8 Rh1# 0-1

[Event "33rd Leon Blitz Open 2020"]
[Site "chess.com INT"]
[Date "2020.07.14"]
[Round "6"]
[White "Demin, Vladimir"]
[Black "Aslanov, Umid"]
[Result "1/2-1/2"]
[WhiteTitle "IM"]
[BlackTitle "CM"]
[WhiteElo "2430"]
[BlackElo "2019"]
[WhiteFideId "4167457"]
[BlackFideId "13412620"]
[EventDate "2020.07.14"]
[EventType "blitz"]

1. e4 c5 2. Nf3 d6 3. d4 cxd4 4. Qxd4 Nf6 5. Nc3 a6 6. Be3 Nc6 7. Qd2 e6 8.
O-O-O Be7 9. Rg1 O-O 10. g4 b5 11. g5 Nd7 12. Nd4 Nxd4 13. Qxd4 Bb7 14. f4 e5
15. Qd2 exf4 16. Bxf4 Ne5 17. Nd5 Rc8 18. Bg2 Bxd5 19. Qxd5 Qa5 20. Kb1 Nc4 21.
Bf1 Qb4 22. Bxc4 Rxc4 23. Bxd6 Bxd6 24. Qxd6 Rxe4 25. Qxb4 Rxb4 26. Rd6 Ra8 27.
Re1 Kf8 28. Rd7 Rg4 29. a4 Rxg5 30. Ree7 Rf5 31. Kc1 bxa4 32. Kd2 g5 33. Rb7 Kg7
34. Ke3 Rc8 35. c3 Rc4 36. Rb6 h5 37. Rxa6 g4 38. Rea7 Rf3+ 39. Ke2 Rcf4 40.
Rxa4 Rf2+ 41. Ke3 Rxa4 42. Rxa4 Rxb2 43. h3 g3 44. Kf3 g2 45. Ra1 Kf6 46. Rg1
Rc2 47. Rxg2 Rxc3+ 48. Kf4 Rxh3 49. Ra2 Rh4+ 50. Kg3 Re4 51. Kf3 Kf5 52. Ra7 f6
53. Rh7 Rh4 54. Kg3 Rg4+ 55. Kh3 Rg5 56. Kh4 Kg6 57. Rh8 Rg4+ 58. Kh3 Kg5 59.
Rg8+ Kf4 60. Rh8 Rg5 61. Kh4 Rg1 62. Kh3 f5 63. Ra8 Re1 64. Rg8 Ke3 65. Kg2 f4
66. Re8+ Kd2 67. Rd8+ Kc3 68. Kf3 Rf1+ 69. Kg2 Ra1 70. Kf3 Ra4 71. Rh8 Rd4 72.
Rxh5 Kd2 73. Rh2+ Ke1 74. Rh4 Rd3+ 75. Kxf4 Rd4+ 76. Kg3 Rd3+ 77. Kg4 Rd4+ 78.
Kg3 Rd5 79. Rh1+ Ke2 80. Rh2+ Ke3 81. Rh4 Rg5+ 82. Rg4 Rf5 83. Ra4 Rf3+ 84. Kg4
Rf1 85. Ra3+ Ke4 86. Kg3 Rf7 87. Ra4+ Ke3 88. Ra3+ Ke4 89. Ra4+ Ke3 90. Ra3+ Ke4 1/2-1/2

[Event "33rd Leon Blitz Open 2020"]
[Site "chess.com INT"]
[Date "2020.07.14"]
[Round "6"]
[White "Baches Garcia, Guillermo"]
[Black "Sengupta, Deep"]
[Result "1-0"]
[WhiteTitle "IM"]
[BlackTitle "GM"]
[WhiteElo "2329"]
[BlackElo "2527"]
[WhiteFideId "2209764"]
[BlackFideId "5008352"]
[EventDate "2020.07.14"]
[EventType "blitz"]

1. e4 e6 2. Nf3 d5 3. exd5 exd5 4. d4 Bd6 5. c4 Nf6 6. Nc3 c6 7. Bd3 dxc4 8.
Bxc4 O-O 9. O-O Nbd7 10. Bb3 Nb6 11. Ne5 Be6 12. Bxe6 fxe6 13. Re1 Nbd5 14. Qd3
Qc7 15. Bg5 Rae8 16. Re2 h6 17. Bd2 Bxe5 18. dxe5 Nd7 19. Qg3 Nxc3 20. Bxc3 Nb6
21. Bd2 Kh8 22. Re4 Rf5 23. Rae1 Ref8 24. R1e2 Nd5 25. Rg4 Qf7 26. Rg6 Kh7 27.
Rg4 c5 28. Rge4 b5 29. a3 a6 30. h4 c4 31. f3 Rd8 32. Qe1 Rd7 33. Bb4 Nf4 34.
Rd2 Nd3 35. Qd1 Qg6 36. Bd6 Rdf7 37. Rg4 Qh5 38. Rxd3 cxd3 39. Qxd3 Rd7 40. a4
bxa4 41. Rxa4 Qg6 42. Rg4 Qf7 43. Ra4 Qg6 44. Rg4 Qe8 45. Rd4 Kh8 46. Qxa6 Rd8
47. Qb7 Rf7 48. Qe4 Ra7 49. Qe2 Qc6 50. Kh2 Ra1 51. Rg4 Qc1 52. Kg3 Qg1 53. Qf2
Qc1 54. Qe2 Rc8 55. Rf4 Kh7 56. Qe4+ Kg8 57. Rg4 Qe1+ 58. Qxe1 Rxe1 59. Be7 Kf7
60. Bb4 Re2 61. Bc3 Rd8 62. Rf4+ Kg6 63. Rg4+ Kh7 64. Rb4 Rd1 65. Rg4 Rg1 66.
Kh2 Rf1 67. Kg3 Kg8 68. h5 Kf7 69. Rg6 Rg1 70. Kh2 Rc1 71. f4 Rf1 72. Kg3 Rh1
73. f5 exf5 74. e6+ Rxe6 75. Rxg7+ Kf8 76. Rh7 Rxh5 77. Kf4 Rg6 78. g3 Re6 79.
Be5 Kg8 80. Rh8+ Kf7 81. Rh7+ Kf8 82. b4 Rb6 83. Ra7 Rxb4+ 84. Kf3 Rb3+ 85. Kg2
Rb2+ 86. Kf3 Rb5 87. Bf4 Rh1 88. Rh7 Rb3+ 89. Kg2 Ra1 90. Rxh6 Rb2+ 91. Kf3 Ra3+
92. Be3 Rbb3 93. Re6 Kf7 94. Re5 Kf6 95. Re8 Ra4 96. Rf8+ Ke6 97. Re8+ Kf7 98.
Re5 Kf6 99. Re8 Ra1 100. Rf8+ Ke6 101. Re8+ Kf7 102. Re5 Kf6 103. Re8 Ra6 104.
Rf8+ Ke6 105. Rh8 Kf7 106. Rh7+ Kg6 107. Rh6+ Kg7 108. Rxa6 Rb4 109. Ra1 Kf7
110. Rh1 Kg7 111. Rd1 Kf7 112. Rd4 Rb1 113. Rd6 Ke7 114. Rh6 Kf7 115. Bf4 Rb3+
116. Kg2 Kg7 117. Rd6 Kf7 118. Rd2 Rb1 119. Kh3 Rh1+ 120. Rh2 Rf1 121. Kg2 Rb1
122. Kf3 Kg6 123. Rh6+ Kg7 124. Rd6 Rb3+ 125. Be3 Rb4 126. Rd4 Rb1 127. Kf4 Rf1+
128. Ke5 Kg6 129. Rd6+ Kh5 130. Rh6+ Kg4 131. Rg6+ Kh3 132. Bf4 1-0

[Event "33rd Leon Blitz Open 2020"]
[Site "chess.com INT"]
[Date "2020.07.14"]
[Round "7"]
[White "Lysyj, Igor"]
[Black "Yanchenko, Roman"]
[Result "1-0"]
[WhiteTitle "GM"]
[BlackTitle "FM"]
[WhiteElo "2594"]
[BlackElo "2467"]
[WhiteFideId "4150120"]
[BlackFideId "4137329"]
[EventDate "2020.07.14"]
[EventType "blitz"]

1. d4 Nf6 2. c4 e6 3. Nf3 d5 4. g3 Bb4+ 5. Bd2 Be7 6. Bg2 O-O 7. O-O b6 8. cxd5
exd5 9. Nc3 c6 10. Qc2 Re8 11. Bf4 Nbd7 12. Nb5 Nb8 1-0

[Event "33rd Leon Blitz Open 2020"]
[Site "chess.com INT"]
[Date "2020.07.14"]
[Round "7"]
[White "Przybylski, Wojciech"]
[Black "Stukan, Martin"]
[Result "1-0"]
[WhiteTitle "FM"]
[BlackTitle "FM"]
[WhiteElo "2321"]
[BlackElo "2325"]
[WhiteFideId "1117599"]
[BlackFideId "34171980"]
[EventDate "2020.07.14"]
[EventType "blitz"]

1. e4 c5 2. Nc3 d6 3. Nf3 Nf6 4. d4 cxd4 5. Nxd4 a6 6. Be3 Ng4 7. Bc1 Nf6 8. h3
e5 9. Nde2 h5 10. Nd5 Nxe4 11. Be3 Nd7 12. g3 Nef6 13. Nec3 Nxd5 14. Nxd5 Nf6
15. Bb6 1-0

[Event "33rd Leon Blitz Open 2020"]
[Site "chess.com INT"]
[Date "2020.07.14"]
[Round "7"]
[White "Anton Guijarro, David"]
[Black "Musovic, Armin"]
[Result "1-0"]
[WhiteTitle "GM"]
[BlackTitle "FM"]
[WhiteElo "2703"]
[BlackElo "2207"]
[WhiteFideId "2285525"]
[BlackFideId "939935"]
[EventDate "2020.07.14"]
[EventType "blitz"]

1. e4 c6 2. Nc3 d5 3. d3 g6 4. Nf3 Bg7 5. Bf4 Qb6 6. Qc1 d4 7. Nb1 e5 8. Bd2 Ne7
9. a4 a5 10. Na3 O-O 11. Nc4 Qc7 12. Bh6 f6 13. h4 Bg4 14. Be2 Nd7 15. Bxg7 Kxg7
16. Nxd4 Bxe2 17. Ne6+ Kh8 1-0

[Event "33rd Leon Blitz Open 2020"]
[Site "chess.com INT"]
[Date "2020.07.14"]
[Round "7"]
[White "Petkov, Momchil"]
[Black "Mehdi, Hasan Parag"]
[Result "1-0"]
[WhiteTitle "FM"]
[BlackTitle "FM"]
[WhiteElo "2315"]
[BlackElo "2180"]
[WhiteFideId "2921642"]
[BlackFideId "10201203"]
[EventDate "2020.07.14"]
[EventType "blitz"]

1. d4 Nf6 2. c4 e6 3. Nc3 Bb4 4. Bd2 O-O 5. Nf3 d5 6. e3 b6 7. cxd5 exd5 8. Bd3
a6 9. O-O Bd6 10. Ne5 c5 11. f4 b5 12. Qf3 Bb7 13. Be1 Nbd7 14. Qh3 b4 15. Nxd7
Qxd7 16. Bxh7+ Kh8 17. Bf5+ 1-0

[Event "33rd Leon Blitz Open 2020"]
[Site "chess.com INT"]
[Date "2020.07.14"]
[Round "7"]
[White "Lamard, Guillaume"]
[Black "Rojas Salas, Steven"]
[Result "1-0"]
[WhiteTitle "IM"]
[BlackTitle "FM"]
[WhiteElo "2486"]
[BlackElo "2194"]
[WhiteFideId "600261"]
[BlackFideId "3819434"]
[EventDate "2020.07.14"]
[EventType "blitz"]

1. d4 d5 2. Nf3 Nf6 3. c4 c6 4. e3 a6 5. Nbd2 b5 6. b3 Bg4 7. Bd3 Nbd7 8. Bb2 e6
9. Qc2 Be7 10. O-O O-O 11. Ne5 Bh5 12. Nxc6 Qe8 13. cxb5 axb5 14. Bxb5 Bg6 15.
Bd3 Rc8 16. Bxg6 hxg6 17. Nxe7+ Qxe7 18. Qd3 e5 19. dxe5 Nxe5 20. Bxe5 Rc3 21.
Bxc3 1-0

[Event "33rd Leon Blitz Open 2020"]
[Site "chess.com INT"]
[Date "2020.07.14"]
[Round "7"]
[White "Orozbaev, Eldiar"]
[Black "Idrisova, Roza"]
[Result "1-0"]
[WhiteTitle "CM"]
[BlackTitle "WFM"]
[WhiteElo "1973"]
[BlackElo "1960"]
[WhiteFideId "13802240"]
[BlackFideId "4146662"]
[EventDate "2020.07.14"]
[EventType "blitz"]

1. e4 c6 2. Nc3 d5 3. Nf3 a6 4. d4 Bg4 5. Bd3 e6 6. O-O Nf6 7. h3 Bh5 8. Bf4 Be7
9. Re1 O-O 10. e5 Nfd7 11. Ne2 c5 12. c3 Nc6 13. Ng3 Bg6 14. Kh2 b5 15. Be3 cxd4
16. cxd4 Rc8 17. Rc1 Nb6 18. b3 Ba3 19. Bxg6 hxg6 20. Rc2 Nb4 21. Rxc8 Qxc8 22.
Ng5 Qd7 23. Qg4 f5 24. Qh4 Rd8 25. Qh7+ Kf8 26. Qh8+ Ke7 27. Qxg7+ Ke8 28. Qg8+
Ke7 29. Qf7# 1-0

[Event "33rd Leon Blitz Open 2020"]
[Site "chess.com INT"]
[Date "2020.07.14"]
[Round "7"]
[White "Nguyen, Hong Nhung"]
[Black "Rom, Jasper"]
[Result "0-1"]
[WhiteTitle "WCM"]
[WhiteElo "1697"]
[BlackElo "2202"]
[WhiteFideId "12412201"]
[BlackFideId "2023733"]
[EventDate "2020.07.14"]
[EventType "blitz"]

1. e4 e6 2. d4 d5 3. Nc3 Nf6 4. e5 Nfd7 5. Nce2 c5 6. c3 Nc6 7. f4 Qb6 8. Nf3
cxd4 9. cxd4 Bb4+ 10. Kf2 f6 11. Be3 O-O 12. g3 fxe5 13. dxe5 Bc5 14. Ned4 Ndxe5
15. fxe5 Nxe5 16. Bg2 Ng4+ 17. Ke2 e5 18. Nxe5 Nxe5 19. Bxd5+ Kh8 20. Qb3 Bg4+
21. Kd2 Bxd4 22. Qxb6 Bxb6 23. Bxb6 axb6 24. Bxb7 Rad8+ 25. Ke3 Nc4+ 26. Ke4
Bf3# 0-1

[Event "33rd Leon Blitz Open 2020"]
[Site "chess.com INT"]
[Date "2020.07.14"]
[Round "7"]
[White "Leenhouts, Koen"]
[Black "Vishnu Prasanna, V"]
[Result "1-0"]
[WhiteTitle "IM"]
[BlackTitle "GM"]
[WhiteElo "2414"]
[BlackElo "2476"]
[WhiteFideId "1008439"]
[BlackFideId "5030692"]
[EventDate "2020.07.14"]
[EventType "blitz"]

1. d4 Nf6 2. c4 g6 3. Nc3 d6 4. e4 Bg7 5. f3 O-O 6. Bg5 c5 7. d5 b5 8. Nxb5 e6
9. dxe6 Bxe6 10. Qxd6 Nc6 11. Qxc6 h6 12. Bd2 Nd7 13. Qc7 Qf6 14. Bc3 Qg5 15. f4
Qh4+ 16. g3 Qe7 17. Bxg7 Kxg7 18. Qd6 Qf6 19. e5 Qf5 20. Bd3 Qh5 21. Be2 Qf5 22.
Qd3 Qxd3 23. Bxd3 Rad8 24. O-O-O Nb6 25. Nd6 1-0

[Event "33rd Leon Blitz Open 2020"]
[Site "chess.com INT"]
[Date "2020.07.14"]
[Round "7"]
[White "Vovk, Orest"]
[Black "Nguyen, Thi Thanh An"]
[Result "1-0"]
[WhiteTitle "FM"]
[BlackTitle "WGM"]
[WhiteElo "2315"]
[BlackElo "2285"]
[WhiteFideId "14113490"]
[BlackFideId "12400300"]
[EventDate "2020.07.14"]
[EventType "blitz"]

1. e4 c5 2. d4 cxd4 3. Qxd4 Nc6 4. Qd2 g6 5. Nc3 Bg7 6. b3 Nf6 7. Bd3 d6 8. Bb2
Qa5 9. O-O-O a6 10. Nd5 Qxa2 11. Nc7+ Kd8 12. Nxa8 Nxe4 13. Bxg7 Nxd2 14. Kxd2
Rg8 15. Ra1 1-0

[Event "33rd Leon Blitz Open 2020"]
[Site "chess.com INT"]
[Date "2020.07.14"]
[Round "7"]
[White "Rosenberg, Evan S"]
[Black "Ismayilova, Khanim"]
[Result "1-0"]
[BlackTitle "WCM"]
[WhiteElo "2125"]
[BlackElo "1332"]
[WhiteFideId "2019299"]
[BlackFideId "13429019"]
[EventDate "2020.07.14"]
[EventType "blitz"]

1. Nf3 Nf6 2. c4 e6 3. Nc3 Bb4 4. g4 Nxg4 5. Rg1 Nf6 6. Rxg7 d5 7. Ne5 Rf8 8.
Qa4+ Nc6 9. Nxc6 bxc6 10. Qxb4 Bd7 11. d3 Rb8 12. Qc5 a6 13. b3 dxc4 14. Ba3 Ng8
15. Qxf8# 1-0

[Event "33rd Leon Blitz Open 2020"]
[Site "chess.com INT"]
[Date "2020.07.14"]
[Round "7"]
[White "Navalgund, Niranjan"]
[Black "Aldokhin, Ivan"]
[Result "0-1"]
[WhiteTitle "FM"]
[BlackTitle "IM"]
[WhiteElo "2289"]
[BlackElo "2413"]
[WhiteFideId "5030854"]
[BlackFideId "24115720"]
[EventDate "2020.07.14"]
[EventType "blitz"]

1. d4 Nf6 2. c4 g6 3. Nc3 Bg7 4. e4 d6 5. Bd3 O-O 6. Nge2 Nc6 7. h3 Re8 8. Be3
e5 9. d5 Nb4 10. Bb1 a5 11. a3 Na6 12. Bc2 Nh5 13. b4 Bd7 14. Rb1 axb4 15. axb4
Nf4 16. g3 Ng2+ 17. Kd2 Nxe3 18. fxe3 Bh6 19. Qf1 Rf8 20. g4 c5 21. dxc6 bxc6
22. Qf3 Be6 23. Bd3 Rb8 24. b5 cxb5 25. Rxb5 Rxb5 26. cxb5 Nc5 27. Ra1 Nb3+ 28.
Kc2 Nxa1+ 29. Kb2 Qa5 30. Qf1 Ra8 31. Kb1 Bxe3 32. Qf3 Qb4# 0-1

[Event "33rd Leon Blitz Open 2020"]
[Site "chess.com INT"]
[Date "2020.07.14"]
[Round "7"]
[White "Galiana Salom, Juan Ramon"]
[Black "Sukandar, Irine Kharisma"]
[Result "0-1"]
[WhiteTitle "FM"]
[BlackTitle "IM"]
[WhiteElo "2248"]
[BlackElo "2413"]
[WhiteFideId "2203081"]
[BlackFideId "7101937"]
[EventDate "2020.07.14"]
[EventType "blitz"]

1. e4 c5 2. Nf3 Nc6 3. d4 cxd4 4. Nxd4 e5 5. Nb5 d6 6. N1c3 a6 7. Na3 Be6 8. Nc4
Rc8 9. Ne3 Nf6 10. Be2 Be7 11. O-O O-O 12. a3 Nd4 13. Ncd5 Nxe4 14. Nxe7+ Qxe7
15. c3 Nb3 16. Rb1 f5 17. Nd5 Qf7 18. Qxb3 Bxd5 19. Qd1 Kh8 20. f3 Nf6 21. Be3
f4 22. Bf2 Bb3 23. Qd2 d5 24. Bd1 Bxd1 25. Rfxd1 Qg6 26. Qe1 e4 27. fxe4 dxe4
28. Rd6 e3 29. Bh4 f3 0-1

[Event "33rd Leon Blitz Open 2020"]
[Site "chess.com INT"]
[Date "2020.07.14"]
[Round "7"]
[White "Gazik, Viktor"]
[Black "Tsvetkov, Andrey"]
[Result "1-0"]
[WhiteTitle "IM"]
[BlackTitle "FM"]
[WhiteElo "2502"]
[BlackElo "2358"]
[WhiteFideId "14928752"]
[BlackFideId "34139360"]
[EventDate "2020.07.14"]
[EventType "blitz"]

1. e4 c5 2. Nc3 d6 3. f4 g6 4. Nf3 Bg7 5. d4 cxd4 6. Nxd4 Nc6 7. Be3 Nxd4 8.
Bxd4 e5 9. fxe5 dxe5 10. Bc5 Nf6 11. Qxd8+ Kxd8 12. O-O-O+ Bd7 13. Bb5 Kc8 14.
Rhf1 Be6 15. Kb1 a6 16. Ba4 Rd8 17. Bb6 Rh8 18. Rd6 Nd7 19. Bxd7+ Bxd7 20. Rxf7
Rf8 21. Rfxd7 1-0

[Event "33rd Leon Blitz Open 2020"]
[Site "chess.com INT"]
[Date "2020.07.14"]
[Round "7"]
[White "Timofeev, Artyom"]
[Black "Le, Tuan Minh"]
[Result "0-1"]
[WhiteTitle "GM"]
[BlackTitle "IM"]
[WhiteElo "2580"]
[BlackElo "2501"]
[WhiteFideId "4140419"]
[BlackFideId "12401153"]
[EventDate "2020.07.14"]
[EventType "blitz"]

1. c4 c6 2. Nf3 d5 3. e3 Nf6 4. Nc3 a6 5. cxd5 cxd5 6. d4 Nc6 7. Bd3 Bg4 8. h3
Bxf3 9. Qxf3 e6 10. O-O Bd6 11. Bd2 O-O 12. Qe2 Rc8 13. Rac1 Qe7 14. Na4 e5 15.
dxe5 Qxe5 16. g3 Rfe8 17. Rfe1 Ne4 18. Nc3 Qe6 19. Kg2 h6 20. Nxe4 dxe4 21. Bc4
Qf6 22. Bd5 Qxb2 23. Rb1 Qe5 24. Qc4 Qf5 25. Rxb7 Nd8 26. g4 Qf3+ 0-1

[Event "33rd Leon Blitz Open 2020"]
[Site "chess.com INT"]
[Date "2020.07.14"]
[Round "7"]
[White "Svane, Frederik"]
[Black "Nguyen, Ngoc Truong Son"]
[Result "0-1"]
[WhiteTitle "FM"]
[BlackTitle "GM"]
[WhiteElo "2421"]
[BlackElo "2641"]
[WhiteFideId "12923044"]
[BlackFideId "12401110"]
[EventDate "2020.07.14"]
[EventType "blitz"]

1. e4 c5 2. Nc3 Nc6 3. Nge2 Nf6 4. g3 d6 5. Bg2 g6 6. O-O Bg7 7. d3 O-O 8. h3
Rb8 9. f4 Bd7 10. Be3 b5 11. a3 a5 12. a4 b4 13. Nb5 Ne8 14. Rb1 Nc7 15. c4 Ne6
16. g4 Ned4 17. Kh1 f5 18. Ng3 fxg4 19. hxg4 e5 20. g5 exf4 21. Bxf4 Rxf4 22.
Rxf4 Qxg5 23. Rf3 Nxf3 24. Qxf3 Rf8 25. Nf5 gxf5 26. Nxd6 Qh6+ 0-1

[Event "33rd Leon Blitz Open 2020"]
[Site "chess.com INT"]
[Date "2020.07.14"]
[Round "7"]
[White "Pham, Le Thao Nguyen"]
[Black "Holt, Conrad"]
[Result "0-1"]
[WhiteTitle "IM"]
[BlackTitle "GM"]
[WhiteElo "2366"]
[BlackElo "2549"]
[WhiteFideId "12401226"]
[BlackFideId "2034387"]
[EventDate "2020.07.14"]
[EventType "blitz"]

1. Nf3 d5 2. d4 Nf6 3. c4 c6 4. Nc3 dxc4 5. a4 Bf5 6. e3 e6 7. Bxc4 Bb4 8. O-O
O-O 9. Qe2 Nbd7 10. e4 Bg4 11. h3 Bxf3 12. Qxf3 Nb6 13. Qd3 Nxc4 14. Qxc4 Bxc3
15. bxc3 Nxe4 16. a5 Qd5 17. Qd3 Nc5 18. Qe2 Nb3 19. Ra4 b5 20. axb6 axb6 21.
Rb4 b5 22. Be3 Na5 23. Bf4 Nc4 24. Re1 h5 25. Rbb1 Ra3 26. Rbc1 Rfa8 27. Be5 f6
28. Bg3 Kf7 29. Qd3 b4 30. Re2 b3 31. Ree1 b2 32. Rb1 Ra1 33. Kh2 Rxb1 34. Rxb1
Ra1 35. Bf4 Rxb1 36. Qxb1 Qf5 0-1